LEADER 01082nam0 22002771i 450 001 UON00229822 005 20231205103456.135 100 $a20030730d1975 |0itac50 ba 101 $aita 102 $aIT 105 $a|||| ||||| 200 1 $a Antonio Labriola nella politica e nella cultura italiana$fLuigi Dal Pane 210 $aTorino$cEinaudi$d1975 215 $aXV, 509 p.$d18 cm 410 1$1001UON00016883$12001 $aPiccola Biblioteca Einaudi$v256 606 $aLABRIOLA ANTONIO$3UONC036974$2FI 620 $aIT$dTorino$3UONL000014 676 $a320.532$cIdeologie politiche. Comunismo.$v21 700 1$aDAL PANE$bLuigi$3UONV107276$0443656 712 $aEinaudi$3UONV246211$4650 801 $aIT$bSOL$c20241122$gRICA 899 $aSIBA - SISTEMA BIBLIOTECARIO DI ATENEO$2UONSI 912 $aUON00229822 950 $aSIBA - SISTEMA BIBLIOTECARIO DI ATENEO$dSI FS 01167 $eSI LO 3058 5 996 $aAntonio Labriola nella politica e nella cultura italiana$989096 997 $aUNIOR LEADER 01335nam0 22003011i 450 001 UON00453349 005 20231205105052.950 100 $a20150423d1954 |0itac50 ba 101 $arus 102 $aRU 105 $a|||| 1|||| 200 1 $aˆA. I. ‰Gercen i pol'skoe nacional'no-osvoboditel'noe dvi?enie 60-ch godov 19. veka$fI. M. Beljavskaja 210 $a Moskva$cIzdatel'stvo Moskovskogo Universiteta$d1954 215 $a195 p.$d23 cm. 606 $aHERZEN ALEKSANDR I.$3UONC038558$2FI 620 $aRU$dMoskva$3UONL003152 676 $a891.703$cLetteratura russa. 1800-1917$v21 676 $a943.8$cStoria Europa centrale. Polonia$v21 676 $a947.081$cStoria della Russia. regno di Alessandro II, 1855-1881$v21 700 1$aBELJAVSKAJA$bIrina Michajlovna$3UONV226684$0714061 712 $aMoskovskij Universitet$3UONV248781$4650 801 $aIT$bSOL$c20241213$gRICA 899 $aSIBA - SISTEMA BIBLIOTECARIO DI ATENEO$2UONSI 912 $aUON00453349 950 $aSIBA - SISTEMA BIBLIOTECARIO DI ATENEO$dSI RUSSO C 0959 $eSI MR 60256 7 0959 966 $aGERCEN ALEKSANDR I.$zHERZEN ALEKSANDR I.$3UONC086729 996 $aGercen i pol'skoe nacional'no-osvoboditel'noe dvi?enie 60-ch godov 19. veka$93900503 997 $aUNIOR